| Record ID | ia:sciencefictionso00lset |
| Source | Internet Archive |
| Download MARC XML | https://archive.org/download/sciencefictionso00lset/sciencefictionso00lset_marc.xml |
| Download MARC binary | https://www.archive.org/download/sciencefictionso00lset/sciencefictionso00lset_meta.mrc |
LEADER: 00798cam a2200229 a 4500
008 831220s1984 nyua 00100 eng
010 $a 83027338 //r86
020 $a0442292554 :$c$25.50
035 $a(Sirsi) AAH-5248
035 $aF1364098
050 0 $aPN3433.4$b.S35 1984
082 0 $a823/.0876/09$219
090 $aPN3433.4.S35 1984$mZTCPW$pSCIENCE$i37348000764423
245 04 $aThe Science fiction source book /$cedited by David Wingrove.
260 0 $aNew York :$bVan Nostrand Reinhold Co.,$cc1984.
300 $a320 p. :$bill. ;$c22 cm.
500 $aIncludes index.
650 0 $aScience fiction$xHistory and criticism$vHandbooks, manuals, etc.
700 10 $aWingrove, David.
948 $a02/09/1991$b05/07/2003
949 $aPN3433.4.S35 1984$wLC$mUPEI$zNOITEM
901 $a71773$bSystem$c71773